Geography Quiz

Random Geography or City Quiz

Top 25 US TV Markets Quiz Stats

 Plays Quiz not verified by Sporcle

Challenge
Share
Tweet
Embed
Score 0/25 Timer 05:00
0 Plays Today
TV Households Market Area/City % Correct
7,493,530New York
100%
5,659,170Los Angeles
98.2%
3,501,010Chicago
97.5%
2,544,410Dallas
96.6%
1,538,090Miami
95.4%
2,123,460Houston
93.9%
2,410,180Boston
92.9%
2,503,400San Francisco
92.7%
1,833,990Seattle
91.1%
2,955,190Philadelphia
90.8%
2,335,040Washington
90.3%
2,387,520Atlanta
88.2%
1,890,220Detroit
86.3%
TV Households Market Area/City % Correct
1,873,930Phoenix
85.5%
1,520,750Cleveland
83.3%
1,539,380Denver
83%
1,249,450St. Louis
81%
1,154,950Pittsburgh
79%
1,732,050Minneapolis
78.5%
1,188,770Portland
76.7%
1,805,810Tampa
73.4%
1,119,760Indianapolis
73%
1,455,620Orlando
69.7%
1,147,910Charlotte
66%
1,404,580Sacramento
49.9%

You're not logged in!

Compare scores with friends on all Sporcle quizzes.
Join for Free
OR
Log In

You Might Also Like...

Show Comments

Extras

Top Quizzes Today


Score Distribution

Your Account Isn't Verified!

In order to create a playlist on Sporcle, you need to verify the email address you used during registration. Go to your Sporcle Settings to finish the process.

Report this User

Report this user for behavior that violates our Community Guidelines.

Details: